| 000 | 00897nam a2200337Ia 4500 | ||
|---|---|---|---|
| 001 | 3757 | ||
| 005 | 20240113233650.0 | ||
| 007 | ta | ||
| 008 | 050603s1974 g b000 u eng u | ||
| 020 | _a0-07-010855-2 | ||
| 040 | _aCotton College,Assam | ||
| 041 | _aeng | ||
| 082 |
_a512.82 _bC 474 C |
||
| 100 | _aChurchill, Ruel V. . | ||
| 245 | 0 |
_aComplex Variables and Applications / _cRuel V. Churchill, James W. Brown & Roger F. Verhey. _hTextual Documents |
|
| 250 | _a3rd ed. / | ||
| 260 |
_aTokyo : _bMcGraw - Hill Kogakusha , _c1974. |
||
| 300 |
_a332p. ; _c21cm. |
||
| 504 | _aIndex | ||
| 653 | _aMathematics | ||
| 653 | _aComplex Variables | ||
| 653 | _aPG-Mathematics | ||
| 700 | _aVerhey, Roger F. . | ||
| 700 | _aBrown, James W. . | ||
| 942 |
_2ddc _cBK |
||
| 999 |
_c3745 _d3745 |
||